000 00372nam a2200145Ia 4500
008 230917s9999||||xx |||||||||||||| ||und||
040 _e28909
_aMAIN
041 _aEnglish
082 _a519.2 P259M
100 _aParzen, Emanuel
245 0 _aModern probability theory and its applications
260 _aNew York
_bJohn Wiley
_c1992
300 _axiv,464 p.
942 _cBK
999 _c91708
_d91708